| 000 | 00620nam a2200241Ia 4500 | ||
|---|---|---|---|
| 003 | OSt | ||
| 005 | 20140312084337.0 | ||
| 008 | 140130s9999 xx 000 0 und d | ||
| 020 | _a0590341189 | ||
| 050 |
_aPZ 7 _b.Em565Go 1997 |
||
| 100 | _aEmberley, Ed. | ||
| 245 |
_cEd Emberley. _aGo away big green monster! / |
||
| 260 |
_bScholastic Inc., _cc1997. _aUSA : |
||
| 300 |
_a40 p. : _bcol. ill. ; _c33 cm. |
||
| 440 | _v1 | ||
| 521 | _aG3 | ||
| 526 | _c550 | ||
| 650 |
_aToy and movable books _xSpecimens. |
||
| 650 |
_aMonsters _xFiction. |
||
| 650 |
_aFear _xFiction. |
||
| 942 |
_cBK _2lcc |
||
| 999 |
_c41938 _d41938 |
||